The Householder's Guide to Community Defence Against Bureaucratic Aggression : (Record no. 3628)
[ view plain ]
| 000 -LEADER | |
|---|---|
| fixed length control field | 00639nac a22001691u 4500 |
| 008 - FIXED-LENGTH DATA ELEMENTS--GENERAL INFORMATION | |
| fixed length control field | 130127s1972 enk||||| |||| 00| 0 eng d |
| 020 ## - INTERNATIONAL STANDARD BOOK NUMBER | |
| International Standard Book Number | 0224007998 |
| 082 ## - DEWEY DECIMAL CLASSIFICATION NUMBER | |
| Classification number | 322.43 |
| Item number | JAY |
| Edition number | 22 |
| 100 ## - MAIN ENTRY--PERSONAL NAME | |
| Personal name | Jay, Antony, |
| 9 (RLIN) | 26378 |
| 245 ## - TITLE STATEMENT | |
| Title | The Householder's Guide to Community Defence Against Bureaucratic Aggression : |
| Remainder of title | a Report on Britain's Government Machine : |
| Statement of responsibility, etc | presented to the British taxpayer. |
| 260 ## - PUBLICATION, DISTRIBUTION, ETC. (IMPRINT) | |
| Place of publication, distribution, etc | London: |
| Name of publisher, distributor, etc | Cape, |
| Date of publication, distribution, etc | 1972. |
| 300 ## - PHYSICAL DESCRIPTION | |
| Extent | 64p.; |
| Other physical details | 23 cm. |
| 500 ## - GENERAL NOTE | |
| General note | Donations |
| 500 ## - GENERAL NOTE | |
| General note | Donations-Bibliotheca Alexandrina |
| 650 ## - SUBJECT ADDED ENTRY--TOPICAL TERM | |
| Topical term or geographic name as entry element | Citizens’ associations |
| Geographic subdivision | Great Britain. |
| 9 (RLIN) | 32017 |
| 942 ## - ADDED ENTRY ELEMENTS (KOHA) | |
| Item type | Book - Borrowing |
| Call number prefix | 322.43 JAY |
| Source of classification or shelving scheme | Dewey Decimal Classification |
| Withdrawn status | Item status | Source of classification or shelving scheme | Damaged status | Not for loan | Vendor | Home library | Current library | Shelving location | Date acquired | Source of acquisition | Total Checkouts | Total Renewals | Full call number | Barcode | Date last seen | Date last borrowed | Koha item type |
|---|---|---|---|---|---|---|---|---|---|---|---|---|---|---|---|---|---|
| Dewey Decimal Classification | Baccah | Central Library | Central Library | First floor | 02/05/2007 | 2 | 4 | 322.43 JAY | 000039399 | 15/07/2025 | 17/12/2020 | Book - Borrowing |